00395nam a2200157Ia 45000010006000000050017000060080041000230410008000640820015000721000039000872450058001262600009001843000028001936500008002216540008002292225920260414150819.0260414t2013||||xx |||||||||||||| ||spa|| aESP a621.3bG23 aGarcía Domínguez, ArmandoeAUT 0aTécnicas y procesos en instalaciones eléctricasb c2013 a314 páginas :c27 cm. aTCA aCET